LEADER 01378nmm a2200373 i 4500 001 991000564689707536 008 070919s2005 de j eng d 020 $a9783540314509 035 $ab13876545-39ule_inst 040 $aDip.to Matematica$beng 082 0 $a519.23 084 $aAMS 81S25 084 $aAMS 60G51 084 $aAMS 46L60 084 $aAMS 58B32 084 $aAMS 47A20 084 $aAMS 16W30 245 00$aQuantum independent increment processes I$h[e-book] :$bfrom classical probability to quantum stochastic calculus /$cDavid Applebaum ... [et al.] ; editors: Michael Schürmann, Uwe Franz 260 $aBerlin :$bSpringer,$c2005 300 $bv.: digital 440 0$aLecture Notes in Mathematics,$x0075-8434 ;$v1865 650 0$aDistribution (Probability theory) 650 0$aMathematical physics 650 0$aMathematics 700 1 $aApplebaum, David$eauthor$4http://id.loc.gov/vocabulary/relators/aut$0151518 700 1 $aSchürmann, Michael 700 1 $aFranz, Uwe 773 0 $aSpringer e-books 856 40$uhttp://dx.doi.org/10.1007/b105131$zAn electronic book accessible through the World Wide Web 907 $a.b13876545$b03-03-22$c02-02-10 912 $a991000564689707536 996 $aQuantum independent increment processes I$91440626 997 $aUNISALENTO 998 $ale013$b02-02-10$cm$d@ $e-$feng$gde $h0$i0 LEADER 01003nam0 22002771i 450 001 UON00426630 005 20231205104849.783 100 $a20130611d1969 |0itac50 ba 101 $ager 102 $aDE 105 $a|||| ||||| 200 1 $a20. Juli 1944 210 $aBonn$cBundeszentrale für politische Bildung$d1969 215 $a374 p.$cill., [1] c. ripieg.$d24 cm. 606 $aNAZISMO$3UONC037517$2FI 606 $aGERMANIA$xStoria$x1933-1945$3UONC062647$2FI 620 $aDE$dBonn$3UONL000478 676 $a940$cStoria d'Europa$v21 702 1$aJACOBSEN$bHans-Jacob$3UONV216824 712 $aBundeszentrale fur politische Bildung$3UONV253464$4650 801 $aIT$bSOL$c20240220$gRICA 899 $aSIBA - SISTEMA BIBLIOTECARIO DI ATENEO$2UONSI 912 $aUON00426630 950 $aSIBA - SISTEMA BIBLIOTECARIO DI ATENEO$dSI TED 10 a BUN 01 $eSI 2791 5 01 996 $a20$91371603 997 $aUNIOR